书目信息 |
| 题名: |
普通话与口语表达教程
|
|
| 作者: | 何彦杰 编 | |
| 分册: | ||
| 出版信息: | 石家庄 河北科学技术出版社 2004 |
|
| 页数: | 245页 | |
| 开本: | 20cm | |
| 丛书名: | ||
| 单 册: | ||
| 中图分类: | H193.2 | |
| 科图分类: | ||
| 主题词: | 汉语--语言教学 | |
| 电子资源: | ||
| ISBN: | 7-5375-3025-4 | |
| 000 | 00567nam0 2200193 450 | |
| 001 | 0633935099 | |
| 005 | 20061018092634.46 | |
| 010 | @a7-5375-3025-4@dCNY13.00 | |
| 100 | @a20061018d2004 km y0chiy0120 ea | |
| 101 | 0 | @achi |
| 102 | @aCN@b130000 | |
| 200 | 1 | @a普通话与口语表达教程@Apu tong hua yu kou yu biao da jiao cheng@f何彦杰编@Fhe yan jie bian |
| 210 | @a石家庄@c河北科学技术出版社@d2004 | |
| 215 | @a245页@d20cm | |
| 606 | 0 | @a汉语@x语言教学 |
| 690 | @aH193.2@v3 | |
| 701 | 0 | @a何彦杰@Ahe yan jie@4编 |
| 801 | 0 | @aCN@bPFT@c20061018 |
| 905 | @a10447@dH193.2@e199 | |
| 普通话与口语表达教程/何彦杰编.-石家庄:河北科学技术出版社,2004 |
| 245页;20cm |
| ISBN 7-5375-3025-4:CNY13.00 |
| ● |
| 相关链接 |
|
|
|
|
正题名:普通话与口语表达教程
索取号:H193.2/199
 
预约/预借
| 序号 | 登录号 | 条形码 | 馆藏地/架位号 | 状态 | 备注 |
| 1 | 0502727 | 205027273 | 第二样本阅览室/ [索取号:H193.2/199] | 在馆 |